000 01051nam a2200277 a 4500
001 ebr10416266
003 CaPaEBR
006 m u
007 cr cn|||||||||
008 101015s2010 ii a sb 000 0 eng d
020 _z9788184885583
040 _aCaPaEBR
_cCaPaEBR
035 _a(OCoLC)696318853
050 1 4 _aHD58.7
_b.S83 2010eb
100 1 _aSubba Rao, P.
245 1 0 _aManagement and organisational behaviour
_h[electronic resource] /
_cP. Subba Rao.
250 _a1st ed.
260 _aMumbai [India] :
_bHimalaya Pub. House,
_c2010.
300 _a435 p. :
_bill.
504 _aIncludes bibliographical references.
533 _aElectronic reproduction.
_bPalo Alto, Calif. :
_cebrary,
_d2010.
_nAvailable via World Wide Web.
_nAccess may be limited to ebrary affiliated libraries.
650 0 _aOrganizational behavior.
655 7 _aElectronic books.
_2local
710 2 _aebrary, Inc.
856 4 0 _uhttp://site.ebrary.com/lib/rucke/Doc?id=10416266
_zAn electronic book accessible through the World Wide Web; click to view
999 _c84250
_d84250